Normal view
MARC view
- Abraham, Ajith,
Entry Personal Name
001 - CONTROL NUMBER
- control field: 82043
003 - CONTROL NUMBER IDENTIFIER
- control field: NUST
005 - DATE AND TIME OF LATEST TRANSACTION
- control field: 20210901155321.0
008 - FIXED-LENGTH DATA ELEMENTS
- fixed length control field: 210901|| aca||aabn | a|a d
040 ## - CATALOGING SOURCE
- Original cataloging agency: NUST
- Transcribing agency: NUST
100 ## - HEADING--PERSONAL NAME
- Personal name: Abraham, Ajith,
- Dates associated with a name: 1968-
670 ## - SOURCE DATA FOUND
- Source citation: Work cat.: (NUST)31905: Engineering Evolutionary Intelligent Systems /, c2008.
